Neutral Milk Hotel - Oh Comely Lyrics - Statistics

General Stats
  • This quiz has been taken 60 times
  • The average score is 24 of 40
Answer Stats
Hint Answer % Correct
Standing next to me, he's only my _____ enemy
80%
Chasing the only __________ ______ you thought you had left meaningful memory
78%
So make all your fat, fleshy _______ to moving fingers
75%
It doesn't ____ ________ at all mean anything
75%
With some ______, bright and bubbly pretty
73%
Terrible scene that was _____ ___ _____ on your chest doing her thing
70%
In your memory, you're _____ on your awe to me drunk
70%
Your father made _______ with flesh licking ladies fetuses
70%
And soft silly music is meaningful, _______ magical
70%
Smelling of _____ all under the garden semen
70%
And pluck all your _____ _______ and bend all your notes for me silly strings
70%
I wish I could save her in some sort of ____ _______ time machine
70%
Oh comely, all of ____ _______ are all letting you blow your friends
70%
Know all your _______, we know who our _______ are... enemies
68%
Oh comely, I will be with you when you ____ ____ ______, lose your breath
68%
But __ ______, it isn't as pretty as you'd like to guess oh comely
68%
The movements were beautiful, all in your _______ ovaries
68%
While you and your mother were asleep in the_______ ____ trailer park
68%
Friend you could need to say __________ ______ in your ear comforting things
65%
And will she remember me, _____ _____ later fifty years
65%
While powerful pistons were sugary _____ ________ sweet machines
65%
I know they buried her body with ______ others
63%
I'll _____ ___ with everything I own crush him
60%
Her sister and mother and _____ _______ ________ five hundred families
60%
Moving your mouth to pull out all your ________ aimed for me miracles
60%
Moving your mouth to pull out all your ________ aimed for me miracles
60%
Bristling and ____, bursting with fruits falling out ugly
58%
All of them milking with _____ ______ flowers green fleshy
55%
Say what you wanna say, and hang for your ______ ____ hollow ways
53%
Say what you wanna say, and hang for your ______ ____ hollow ways
53%
Was all you were _______ when you still believed in me needing
50%
From the _____ of some pretty, bright and bubbly holes
48%
The _____ ___ ________ you needed for comforting music and medicine
48%
_________, my dear Goldaline
43%
And now we move to feel for ourselves inside some stranger's _______ stomach
43%
__________ ______ from the dark of the stadium Thunderous sparks
43%
But oh comely, there isn't ____ ___ ______ that you could find here such one friend
40%
Move your body here, feel your ____ begin to blend itself with mine.... skin
35%
Far away from here, there is sun and ______ and green forever spring
30%
We will ____ ___ ______ together fold and freeze
28%
No matching quizzes found
Score Distribution
Percent of People with Each Score
Percentile by Number Answered
Your Score History
You have not taken this quiz